Normal view
MARC view
Entry Meeting Name
001 - CONTROL NUMBER
- control field: 18942
003 - CONTROL NUMBER IDENTIFIER
- control field: OSt
005 - DATE AND TIME OF LATEST TRANSACTION
- control field: 20211105134338.0
008 - FIXED-LENGTH DATA ELEMENTS
- fixed length control field: 211105|| aca||aabn | a|a d
040 ## - CATALOGING SOURCE
- Original cataloging agency: OSt
- Transcribing agency: OSt
111 ## - HEADING--MEETING NAME
- Meeting name or jurisdiction name as entry element: Workshop on Coronal and Prominence Plasmas
- Location of meeting: Maryland
- Date of meeting or treaty signing: 1985 Apr. 9-11 and 1986 Apr. 8-10
670 ## - SOURCE DATA FOUND
- Source citation: Work cat.: (OSt): Workshop on Coronal and Prominence Plasmas Maryland 1985 Apr. 9-11 and 1986 Apr. 8-10, Coronal and prominence plasmas, 1986